Educación general, educación especializada y ocupación en Colombia
Uloženo v:
| Hlavní autoři: | , |
|---|---|
| Médium: | Kniha |
| Jazyk: | španělština |
| Vydáno: |
Ottawa
CIID
1990
|
| Témata: | |
| Tagy: |
Přidat tag
Žádné tagy, Buďte první, kdo vytvoří štítek k tomuto záznamu!
|
MARC
| LEADER | 00000nam a2200000 a 4500 | ||
|---|---|---|---|
| 001 | UCW4904 | ||
| 003 | CL-VaPUC | ||
| 008 | 900912e19900000CN |||||||||||||||||spa|d | ||
| 082 | 0 | 4 | |a 374.013 |b BER |2 21 |
| 100 | 0 | |a Bernal, María Elisa |e author |9 309723 | |
| 700 | 0 | |a Molina, Carlos Gerardo |e author |9 309724 | |
| 245 | 1 | 0 | |a Educación general, educación especializada y ocupación en Colombia |
| 300 | |a 53 p | ||
| 942 | |c BK | ||
| 945 | |d 19900912 00:00:00 | ||
| 260 | |a Ottawa |b CIID |c 1990 | ||
| 650 | 0 | |a Educación vocacional |9 309725 | |
| 651 | 0 | |a Colombia |9 256424 | |
| 583 | |a last modification |c 19900912 00:00:00 |k Rodrigo Vera | ||
| 999 | |c 218483 |d 218481 | ||
| 952 | |0 0 |1 0 |4 0 |6 374_013000000000000_BER_1990 |7 0 |8 P |9 208133 |a BIBEDU |b BIBEDU |c BIBEDU_PB |d 2019-11-15 |i 2760088 |o 374.013 BER 1990 |p 2760088 |r 2024-01-25 |w 2019-11-15 |y BK |k EDU | ||